Luật ngân sách nhà nước: Những bất cập và giải pháp hoàn thiện /

সংরক্ষণ করুন:
গ্রন্থ-পঞ্জীর বিবরন
প্রধান লেখক: Nguyễn Minh Tân.
বিন্যাস: প্রবন্ধ
ভাষা:Vietnamese
বিষয়গুলি:
ট্যাগগুলো: ট্যাগ যুক্ত করুন
কোনো ট্যাগ নেই, প্রথমজন হিসাবে ট্যাগ করুন!
Thư viện lưu trữ: Thư viện Trường Đại học Đà Lạt
LEADER 00826nam a2200277 4500
001 DLU090090584
005 ##20090526
040 # # |a DLU  |b vie 
041 # # |a vie 
044 # # |a vn 
100 # # |a Nguyễn Minh Tân. 
245 # # |a Luật ngân sách nhà nước: Những bất cập và giải pháp hoàn thiện /  |c Nguyễn Minh Tân. 
653 # # |a Giải pháp 
653 # # |a Hoàn thiện 
653 # # |a Luật ngân sách nhà nước 
653 # # |a Thực trạng 
773 # # |t Nhà nước và pháp luật  |g Số 11, 1999, tr. 27-32 
920 # # |a Phòng Tạp chí -- Trung tâm Thông tin - Thư viện Trường Đại học Đà Lạt 
994 # # |a DLU 
900 # # |a True 
911 # # |a Nguyễn Thị Mai Anh 
925 # # |a G 
926 # # |a A 
927 # # |a BB 
980 # # |a Thư viện Trường Đại học Đà Lạt